000 00600cam a22002291a 4500
001 sa 65000078
003 DLC
005 20260227112100.0
008 890103s1964 io a 000 1 ind
010 _asa 65000078
025 _aPL480:Indo-1192
035 _a(OCoLC)18958962
040 _aDLC
_cOAU
_dWU
_dDLC
042 _apremarc
050 0 0 _aPL5089.M8
_bP4 1964
100 1 _aMoeis, Abdoel,
_d1890-1959.
245 1 0 _aPertemuan djodoh /
_cAbdoel Moeis.
250 _aTjet. 5.
260 _aBukittinggi :
_bN.V. Nusantara,
_c1964.
300 _a162 p. :
_bill. ;
_c23 cm.
500 _aNovel.
999 _c61368
_d61368